Statistics for Chinese Adjectives

Click here to take the quiz!

General Stats

  • This quiz has been taken 4 times
  • The average score is 11 of 20

Answer Stats

HintAnswer% Correct
聪明Cōngmíng - Smart
100%
Dà - Big
100%
Gāo - Tall
100%
Hǎo - Good
100%
Xiǎo - Small
100%
Duǎn - Short
50%
Huài - Bad
50%
简单Jiǎndān - Easy
50%
快乐Kuàilè - Happy
50%
Lǎo - Old
50%
Lèi - Tired
50%
Lěng - Cold
50%
Máng - Busy
50%
Nán - Hard
50%
Pàng - Fat
50%
便宜Piányí - Cheap
50%
Rè - Hot
50%
昂贵Ángguì - Expensive
0%
年轻Niánqīng - Young
0%
伤心Shāngxīn - Sad
0%

Score Distribution

Percentile by Number Answered

Percent of People with Each Score

Your Score History

You have not taken this quiz